Ship or Sheep?: an intermediate pronunciation course
Gespeichert in:
| 1. Verfasser: | |
|---|---|
| Format: | Buch |
| Sprache: | Englisch |
| Veröffentlicht: |
Cambridge University Press
2006
|
| Ausgabe: | 3a. ed |
| Schlagworte: | |
| Tags: |
Tag hinzufügen
Keine Tags, Fügen Sie den ersten Tag hinzu!
|
MARC
| LEADER | 00000cam a2200000 a 4500 | ||
|---|---|---|---|
| 001 | UCG8049 | ||
| 003 | CL-VaPUC | ||
| 008 | 111118e20060000UK |||||||||||||||||eng|d | ||
| 020 | |a 9780521606714 Paperback | ||
| 020 | |a 9780521606738 Paperback and audio Cds (4) | ||
| 082 | 0 | 4 | |a 428.1 |b BAK |2 21 |
| 100 | 0 | |a Baker, Ann |e author |9 558581 | |
| 245 | 1 | 0 | |a Ship or Sheep?: an intermediate pronunciation course |
| 250 | |a 3a. ed | ||
| 300 | |a 224 p | ||
| 942 | |c BK | ||
| 945 | |d 20111118 00:00:00 |a dcastane | ||
| 260 | |b Cambridge University Press |c 2006 | ||
| 500 | |a Incluye Cds con material complementario, excepto existencia ILP 4799801 | ||
| 500 | |a CD A: Track A1-A75 70'57'' | ||
| 500 | |a CD B: Track B1-B96 76'23'' | ||
| 500 | |a CD C: Track C1-C73 71'52'' | ||
| 500 | |a CD D: Track D1-D81 70'15'' | ||
| 650 | 7 | |a PRONUNCIACION DEL INGLES |2 CL-VaPUC |9 558582 | |
| 650 | 0 | |a Inglés |9 260023 | |
| 650 | 7 | |a FONETICA DEL INGLES |2 CL-VaPUC |9 558583 | |
| 583 | |a last modification |c 20111118 11:09:00 |k Rodrigo Vera | ||
| 999 | |c 345689 |d 345687 | ||
| 952 | |0 0 |1 0 |4 0 |6 428_100000000000000_BAK_2006 |7 0 |8 ? |9 445451 |a FDOILP |b FDOILP |d 2019-11-22 |i 4799801 |o 428.1 BAK 2006 |p 4799801 |r 2019-11-22 |w 2019-11-22 |y BK |k ILP | ||
| 952 | |0 0 |1 0 |4 0 |6 428_100000000000000_BAK_2006 |7 0 |8 ? |9 445452 |a FDOILP |b FDOILP |d 2019-11-22 |i 479981K |o 428.1 BAK 2006 |p 479981K |r 2019-11-22 |w 2019-11-22 |y BK |k ILP | ||
| 952 | |0 0 |1 0 |4 0 |6 428_100000000000000_BAK_2006 |7 0 |8 ? |9 445453 |a FDOILP |b FDOILP |d 2019-11-22 |i 4844963 |o 428.1 BAK 2006 |p 4844963 |r 2019-11-22 |w 2019-11-22 |y BK |k ILP | ||
| 952 | |0 0 |1 0 |4 0 |6 428_100000000000000_BAK_2006 |7 0 |8 ? |9 445454 |a FDOILP |b FDOILP |d 2019-11-22 |i 4844971 |o 428.1 BAK 2006 |p 4844971 |r 2019-11-22 |w 2019-11-22 |y BK |k ILP | ||
| 952 | |0 0 |1 0 |3 erb |4 0 |6 428_100000000000000_BAK_2006 |7 0 |8 A |9 445455 |a BIBEDU |b BIBEDU |i 5395798 |l 1 |o 428.1 BAK 2006 |p 5395798 |r 2022-03-14 |s 2022-03-07 |w 2019-11-22 |y BK |z Catalogado en:20170609 |k CIT | ||